Construction industry will slow down despite increased spending (Record no. 72044)

MARC details
000 -LEADER
fixed length control field 01126cam a2200205 4500
001 - CONTROL NUMBER
control field X121228
008 - FIXED-LENGTH DATA ELEMENTS--GENERAL INFORMATION
fixed length control field 030204n2003 000 0 eng u
035 ## - SYSTEM CONTROL NUMBER
System control number (Sirsi) u121228
245 ## - TITLE STATEMENT
Title Construction industry will slow down despite increased spending
260 ## - PUBLICATION, DISTRIBUTION, ETC.
Date of publication, distribution, etc. 2003
490 ## - SERIES STATEMENT
Series statement RICS Press Release
Volume/sequential designation 31 January 2003, (1)
520 ## - SUMMARY, ETC.
Summary, etc. Construction Products Association forecasts that the growth in construction output is expected to slow significantly in the next 2 years before picking up again in 2005. The decline will be led by a sharp fall in private sector investment over the next two years. This will reduce output growth to 3.7% in 2003 and 0.6% in 2004. For the RICS news story: http://www.rics.org/ricscms/bin/show?class=News&template=/includes/shownews.html&id=4755 For the CPA news release: http://www.constprod.org.uk/download/pr/Forecast%20PR%2010.01.03.doc
590 ## - LOCAL NOTE (RLIN)
Local note WB
650 ## - SUBJECT ADDED ENTRY--TOPICAL TERM
Topical term or geographic name entry element CONSTRUCTION PRODUCTS ASSOCIATION
650 ## - SUBJECT ADDED ENTRY--TOPICAL TERM
Topical term or geographic name entry element CONSTRUCTION OUTPUT
650 ## - SUBJECT ADDED ENTRY--TOPICAL TERM
Topical term or geographic name entry element CONSTRUCTION GROWTH
650 ## - SUBJECT ADDED ENTRY--TOPICAL TERM
Topical term or geographic name entry element PUBLIC SECTOR CONSTRUCTION
690 ## - LOCAL SUBJECT ADDED ENTRY--TOPICAL TERM (OCLC, RLIN)
Topical term or geographic name as entry element BUILDING AND CONSTRUCTION-ECONOMICS
942 ## - ADDED ENTRY ELEMENTS (KOHA)
Suppress in OPAC 0
Holdings
Withdrawn status Lost status Source of classification or shelving scheme Damaged status Not for loan Home library Current library Shelving location Date acquired Total Checkouts Full call number Barcode Date last seen Copy number Price effective from Koha item type
    Dewey Decimal Classification     London London News article 04/02/2003   X121228 121228-1001 06/08/2019 1 06/08/2019 News article